Математическая модель процесса десублимации UF6 в горизонтальные емкости; Бутаковские чтения

Dettagli Bibliografici
Parent link:Бутаковские чтения.— 2021.— [С. 162-163]
Autore principale: Верлинский М. В. Максим Вадимович
Ente Autore: Национальный исследовательский Томский политехнический университет Инженерная школа ядерных технологий Отделение ядерно-топливного цикла
Altri autori: Орлов А. А. Алексей Алексеевич (научный руководитель)
Riassunto:Заглавие с экрана
Lingua:russo
Pubblicazione: 2021
Serie:Теплофизические основы энергетических технологий
Soggetti:
Accesso online:http://earchive.tpu.ru/handle/11683/70573
Natura: MixedMaterials Elettronico Capitolo di libro
KOHA link:https://koha.lib.tpu.ru/cgi-bin/koha/opac-detail.pl?biblionumber=634156

MARC

LEADER 00000naa2a2200000 4500
001 634156
005 20231101133810.0
035 |a (RuTPU)RU\TPU\conf\35941 
035 |a RU\TPU\conf\35940 
090 |a 634156 
100 |a 20220411d2021 k y0rusy50 ca 
101 0 |a rus 
102 |a RU 
105 |a y z 101zy 
135 |a drcn ---uucaa 
181 0 |a i  
182 0 |a b 
200 1 |a Математическая модель процесса десублимации UF6 в горизонтальные емкости  |f М. В. Верлинский  |g науч. рук. А. А. Орлов 
203 |a Текст  |c электронный 
225 1 |a Теплофизические основы энергетических технологий 
230 |a 1 компьютерный файл (pdf; 465 Kb) 
300 |a Заглавие с экрана 
320 |a [Библиогр.: с. 163 (3 назв.)] 
463 0 |0 (RuTPU)RU\TPU\conf\35907  |t Бутаковские чтения  |o материалы I Всероссийской с международным участием молодежной конференции, 15-16 декабря 2021 г., Томск  |f Национальный исследовательский Томский политехнический университет, Инженерная школа энергетики ; ред. кол. В. Е. Губин, Л. В. Савостьянова, А. О. Жданова [и др.]  |v [С. 162-163]  |d 2021 
610 1 |a электронный ресурс 
610 1 |a труды учёных ТПУ 
610 1 |a математические модели 
610 1 |a десублимация 
610 1 |a обогащение 
610 1 |a уран 
610 1 |a емкости 
700 1 |a Верлинский  |b М. В.  |c специалист в области ядерных технологий  |c инженер-исследователь Томского политехнического университета  |f 1998-  |g Максим Вадимович  |2 stltpush  |3 (RuTPU)RU\TPU\pers\46839 
702 1 |a Орлов  |b А. А.  |c физик  |c профессор Томского политехнического университета, доктор технических наук  |f 1962-  |g Алексей Алексеевич  |2 stltpush  |4 727 
712 0 2 |a Национальный исследовательский Томский политехнический университет  |b Инженерная школа ядерных технологий  |b Отделение ядерно-топливного цикла  |h 7864  |2 stltpush  |3 (RuTPU)RU\TPU\col\23554 
801 2 |a RU  |b 63413507  |c 20220415  |g RCR 
856 4 |u http://earchive.tpu.ru/handle/11683/70573 
942 |c BK